书目信息 |
| 题名: |
思维创新
|
|
| 作者: | 那子纯 著 | |
| 分册: | ||
| 出版信息: | 北京 中国人民大学出版社 2014 |
|
| 页数: | 283页 | |
| 开本: | 24cm | |
| 丛书名: | ||
| 单 册: | ||
| 中图分类: | B804.4 | |
| 科图分类: | ||
| 主题词: | 创造性思维--研究 , 创造性思维 | |
| 电子资源: | ||
| ISBN: | 978-7-300-18125-7 | |
| 000 | 00864nam0 2200253 450 | |
| 001 | 012001012190 | |
| 005 | 20141123191222.0 | |
| 010 | @a978-7-300-18125-7@dCNY45.00 | |
| 090 | @aB80@bnzc | |
| 100 | @a20140429d2014 em y0chiy50 ea | |
| 101 | 0 | @achi |
| 102 | @aCN@b110000 | |
| 105 | @ay z 000yy | |
| 106 | @ar | |
| 200 | 1 | @a思维创新@9si wei chuang xin@f那子纯著 |
| 210 | @a北京@c中国人民大学出版社@d2014 | |
| 215 | @a283页@d24cm | |
| 330 | @a本书由思维创新在工作实践中的重要性谈起,夹叙夹议,辅之以许多鲜活生动的案例,谈论了思维创新的途径,包括超前的思维、实际的思维、活跃的思维、勇敢的思维、敏锐的思维、简便的思维、追问的思维、如水的思维等。 | |
| 606 | 0 | @a创造性思维@x研究 |
| 606 | 0 | @a创造性思维 |
| 690 | @aB804.4@v5 | |
| 701 | 0 | @c(满)@a那子纯@9na zi chun@f(1965~)@4著 |
| 801 | 0 | @aCN@b上海新华@c20191020 |
| 905 | @b1178715-7@dB804.4@e149@f3 | |
| 思维创新/那子纯著.-北京:中国人民大学出版社,2014 |
| 283页;24cm |
| ISBN 978-7-300-18125-7:CNY45.00 |
| 本书由思维创新在工作实践中的重要性谈起,夹叙夹议,辅之以许多鲜活生动的案例,谈论了思维创新的途径,包括超前的思维、实际的思维、活跃的思维、勇敢的思维、敏锐的思维、简便的思维、追问的思维、如水的思维等。 |
| ● |
| 相关链接 |
|
|
|
|
正题名:思维创新
索取号:B804.4/149
 
预约/预借
| 序号 | 登录号 | 条形码 | 馆藏地/架位号 | 状态 | 备注 |
| 1 | 1178715 | 211787155 | 第一样本阅览室/ [索取号:B804.4/149] | 在馆 | |
| 2 | 1178716 | 211787164 | 第一借阅区/ [索取号:B804.4/149] | 在馆 | |
| 3 | 1178717 | 211787173 | 第一借阅区/ [索取号:B804.4/149] | 在馆 |